Tom Clancy's Rainbow Six Siege: Map Quiz - Statistics

General Stats
  • This quiz has been taken 10,334 times
    10,013 since last reset
  • The average score is 10 of 20
Answer Stats
Answer % Correct
House
75%
Oregon
73%
Club House
71%
Bank
60%
Border
60%
Coastline
60%
Chalet
57%
Skyscraper
57%
Presidential Plane
54%
Tower
53%
Kafe Dostoyevsky
52%
Consulate
50%
Theme Park
49%
Favela
48%
Villa
47%
Kanal
42%
Yacht
42%
Hereford Base
33%
Fortress
29%
Bartlett U.
20%
No matching quizzes found
Score Distribution
Percent of People with Each Score
Percentile by Number Answered
Your Score History
You have not taken this quiz since the last reset